Statistiques concernant Echelle de mots - Etre à Vivre

Cliquez ici pour prendre le quiz!

Statistiques générales

  • Ce quiz a été pris 474 fois
  • Le résultat moyen est 17 sur 35

Statistiques - réponses

IndiceRéponse% Correct
Ou pas ? Telle est la questionÊtre
100%
Exister -> Ajouter une lettreVivre
77%
L'Homme en a quatre le matin, deux le midi et trois le soirPatte
72%
Chef de l'Eglise CatholiquePape
64%
Peut être feuilletée ou briséePâte
63%
Habit incontournable de Superman et BatmanCape
62%
Elle est splendideBelle
59%
Celle de fusil et celle de tennisBalle
58%
Songe nocturneRêve
56%
Petite période de paix -> Ajouter une lettreTrêve
56%
Le mouton s'exprime - Enlever une lettreBêle
55%
Touche doucement avec la mainTâte
55%
Spécialité bretonneCrêpe
54%
Borné comme un âneTêtu
54%
Gros champignon à chapeau brun -> Enlever une lettreCèpe
53%
HabilléVêtu
53%
Grande partie d'une pièce de théâtreActe
52%
Partie de la cheminée où l'on fait le feuÂtre
51%
Louis XVI la regretteTête
51%
Le ballon est à platCrevé
50%
Accord entre plusieurs personnes, groupesPacte
47%
PoiluVelu
45%
Qui a une saveur ou une odeur forte, irritanteÂcre
43%
Longue couverture imperméable en plastiqueBâche
43%
Expédie son travail sans soinBâcle
43%
Qui se rapporte au lait (comme la voie)Lacté
41%
Pas du tout courageuxLâche
40%
Fait une fissureFêle
39%
Petit poisson épineux et vénimeux qui vit dans le sableVive
33%
Parle, bavarde -> Ajouter une lettreJacte
30%
La posséder nous propulse au rang royalFêve
28%
Morceau de bois long et étroitLatte
28%
La vache met basVêle
22%
Elle est méprisableVile
19%
Le faire deux fois est un jeu d'enfantsCache
12%

Distribution des résultats

Percentile par nombre de réponses

% des personnes avec chaque résultat

Votre développement - résultats

Vous n’avez pas pris ce quiz